Central Library OPAC University of Rajshahi

An introduction to macroeconomics / (Record no. 2302)

MARC details
000 -LEADER
fixed length control field 00879cam a2200289 i 4500
001 - CONTROL NUMBER
control field 2302
003 - CONTROL NUMBER IDENTIFIER
rucl marc code BD-RjUL
005 - DATE AND TIME OF LATEST TRANSACTION
control field 20211208233524.0
008 - FIXED-LENGTH DATA ELEMENTS--GENERAL INFORMATION
fixed length control field 131211s1979 nyua b 001 0 eng
020 ## - INTERNATIONAL STANDARD BOOK NUMBER
International Standard Book Number 0070715645
035 ## - SYSTEM CONTROL NUMBER
System control number (BD-RjUL)2329
040 ## - CATALOGING SOURCE
Original cataloging agency DLC
Transcribing agency DLC
Modifying agency DLC
-- BD-RjUL
Language of cataloging eng
041 ## - LANGUAGE CODE
Language code of text/sound track or separate title eng
082 00 - DEWEY DECIMAL CLASSIFICATION NUMBER
Classification number 339
Edition number 19
Author mark and year WOI 1979
100 1# - MAIN ENTRY--PERSONAL NAME
Personal name Wonnacott, Paul.
9 (RLIN) 7468
245 13 - TITLE STATEMENT
Title An introduction to macroeconomics /
Statement of responsibility, etc. Paul Wonnacott, Ronald Wonnacott.
260 ## - PUBLICATION, DISTRIBUTION, ETC. (IMPRINT)
Place of publication, distribution, etc. New York :
Name of publisher, distributor, etc. McGraw-Hill,
Date of publication, distribution, etc. c1979.
300 ## - PHYSICAL DESCRIPTION
Pagination xxi, 403 p. :
Illustrations ill. ;
Size 24 cm.
500 ## - GENERAL NOTE
General note Selected from the author's Economics.
504 ## - BIBLIOGRAPHY, ETC. NOTE
Bibliography, etc Includes bibliographical references and index.
650 #0 - SUBJECT ADDED ENTRY--TOPICAL TERM
Topical term or geographic name as entry element Macroeconomics.
9 (RLIN) 5854
700 1# - ADDED ENTRY--PERSONAL NAME
Personal name Wonnacott, Ronald J.,
Relator term joint author.
942 ## - ADDED ENTRY ELEMENTS (KOHA)
Source of classification or shelving scheme Dewey Decimal Classification
Koha item type Books
Holdings
Lost status Source of classification or shelving scheme Damaged status Not for loan Collection code Permanent Location Current Location Shelving location Date acquired Source of acquisition Cost, normal purchase price Total Checkouts Full call number Date last seen Copy number Koha item type
  Dewey Decimal Classification     Non-fiction Central Library, University of Rajshahi Central Library, University of Rajshahi   24/10/1992 Asia Foundation 0.00   339 WOI 1979 11/12/2013 C-5 Books
  Dewey Decimal Classification     Non-fiction Central Library, University of Rajshahi Central Library, University of Rajshahi   05/08/1985       339 WOI 1979 16/06/2016 C-2 Books
  Dewey Decimal Classification     Non-fiction Central Library, University of Rajshahi Central Library, University of Rajshahi   26/11/1992       339 WOI 1979 16/06/2016 C-3 Books
  Dewey Decimal Classification     Non-fiction Central Library, University of Rajshahi Central Library, University of Rajshahi   24/11/1972 Asia foundation     339 WOI 1979 01/08/2016 C-6 Books
  Dewey Decimal Classification     Non-fiction Central Library, University of Rajshahi Central Library, University of Rajshahi   05/08/1985 Asia foundation     339 WOI 1979 01/08/2016 C-7 Books
  Dewey Decimal Classification     Non-fiction Central Library, University of Rajshahi Central Library, University of Rajshahi   05/08/1985 Asia foundation     339 WOI 1979 04/09/2016 C-8 Books